| 000 | 005380000a22002050004500 | ||
|---|---|---|---|
| 999 |
_c48920 _d48920 |
||
| 001 | 1762 | ||
| 003 | CO-MdFUSB | ||
| 005 | 20180213142734.0 | ||
| 008 | 180213b xxu||||| |||| 00| 0 eng d | ||
| 020 | _a970-22-1428-9 | ||
| 040 | _cCO-MdBIC | ||
| 082 | 0 | 4 | _a036 L328p |
| 100 | 1 | _aGarcía.Tomás | |
| 245 | 1 | 0 | _aEl pequeño Larousse ilustrado / Dirección editorial Tomás García |
| 250 | _a13a ed. | ||
| 260 | _aMéxico : Larousse | ||
| 300 | _a1824 P. | ||
| 650 | 1 | 4 | _aDiccionario \ Geografía \ Historia universal |
| 942 | _cLGB | ||